000 00527nam a2200193Ia 4500
003 GCL
008 140319s9999 xx 000 0 ara d
040 _aGCL /
_cGCL
082 0 4 _a922.113
_bم م
100 1 _aمحسن محمد
245 1 0 _aمن قتل حسن البنا /
_cمحسن محمد
300 _a615
490 _aكتاب
_v0
650 0 4 _aالدعوة والدعاة
650 0 4 _aالاسلام - تراجم
650 0 4 _aالاخوان المسلمون
650 0 4 _aحسن البنا
942 _2ddc
_cBK
999 _c41457
_d41457